Представление документа в формате RUSMARC

ПолеНазваниеЗначение
  Тип записи a
  Библиографический уровень m
001 Контрольный номер 692387e8db954fc6924a90879a07056f
005 Дата корректировки 20260507123328.7
010 Индекс ISBN __
a ISBN 978-5-370-05393-1
b Уточнения в пер.
9 Тираж 27000 экз.
100 Данные общей обработки __
a Данные общей обработки 20260507d2024 mady0rusy028902 ca
101 Язык документа 0_
a Язык текста rus
102 Страна публикации __
a Страна публикации RU
105 Кодированные данные (монография) __
a Кодированные данные (монография) a z 000yd
181 Поле кодированных данных: вид содержания _0
a Код вида содержания (ISBD) i
182 Поле кодированных данных: тип средства _0
a Код типа средства (ISBD) n
200 Заглавие и сведения об ответственности 1_
a Заглавие М. В. Ломоносов, А. М. Бутлеров, Д. И. Менделеев. Ученые-энциклопедисты на службе Родине
f Первые сведения об ответственности [редактор-составитель Наталья Лосева]
203 Вид содержания и тип средства __
c Тип средства непосредственный
a Вид содержания Текст
210 Выходные данные 1_
a Место издания Москва
c Издательство Омега-Л
d Дата издания 2024
215 Физическое описание __
a Объем 111 с.
c Иллюстрации/тип воспроизводства портр.
d Формат 27 см
225 Серия 2_
a Серия Великие имена
330 Аннотация __
a Аннотация "Великие имена" — это серия книг, благодаря которым читатель познакомится с биографиями самых ярких и известных деятелей России. Все самое главное о поэтах, писателях, музыкантах, ученых и политиках с мировым именем.
333 Примечание о целевом назначении __
a Примечание о целевом назначении 12+. Для детей старше 12 лет
517 Другие варианты заглавия 1_
a Другие варианты заглавия Ученые-энциклопедисты на службе Родине
517 Другие варианты заглавия 1_
a Другие варианты заглавия Ломоносов М. В., Бутлеров А. М., Менделеев Д. И.
600 Персоналии _1
a Персоналии (Фамилия) Ломоносов
b Персоналии (Имя) М. В.
g Полное имя Михаил Васильевич
f Даты 1711-1765
2 Код системы nlr_sh
600 Персоналии _1
a Персоналии (Фамилия) Бутлеров
b Персоналии (Имя) А. М.
g Полное имя Александр Михайлович
f Даты 1828-1886
2 Код системы nlr_sh
600 Персоналии _1
2 Код системы nlr_sh
a Персоналии (Фамилия) Менделеев
b Персоналии (Имя) Д. И.
g Полное имя Дмитрий Иванович
f Даты 1834-1907
606 Тематические рубрики __
2 Код системы nlr_sh
a Основная рубрика Наука. Науковедение
606 Тематические рубрики __
2 Код системы nlr_sh
a Основная рубрика История науки
y Географическая подрубрика Россия
z Хронологическая подрубрика 19 в.
z Хронологическая подрубрика 18 в.
610 Ключевые слова 0_
a Ключевые слова наука
610 Ключевые слова 0_
a Ключевые слова история науки
610 Ключевые слова 0_
a Ключевые слова русские ученые
610 Ключевые слова 0_
a Ключевые слова академики
610 Ключевые слова 0_
a Ключевые слова биографии
610 Ключевые слова 0_
a Ключевые слова персоналии
610 Ключевые слова 0_
a Ключевые слова химики
610 Ключевые слова 0_
a Ключевые слова естествоиспытатели
686 Индексы других классификаций __
2 Код системы rubbks
a Классификационный индекс 72.3д; ст72.3д
702 Вторичная интеллектуальная ответственность _1
a Фамилия Лосева
b Имя Н. В.
g Полное личное имя Наталья Владимировна
4 Код отношения 220
4 Код отношения 340
801 Источник записи _0
b Организация Муниципальное бюджетное учреждение культуры "Централизованная библиотечная система" г. Сургут (Центральная городская библиотека им. А. С. Пушкина)
a Страна RU
c Дата составления 20260507
g Правила каталогизации PSBO
801 Источник записи _1
b Организация Муниципальное бюджетное учреждение культуры "Централизованная библиотечная система" г. Сургут (Центральная городская библиотека им. А. С. Пушкина)
a Страна RU
c Дата составления 20260507
g Правила каталогизации PSBO
852 Данные о местонахождении 5_
i Авторский знак Л 75
j Шифр хранения 72.3д
901 Тип документа __
a Ответственный КиК/Обаева
t Тип документа m
901 Тип документа __
a Ответственный 6 партия
903 Характеристики (МАРС) __
a Дата передачи 20260507
c Наименование библиотеки (МАРС) Муниципальное бюджетное учреждение культуры "Централизованная библиотечная система" г. Сургут (Центральная городская библиотека им. А. С. Пушкина)